Liczba medali Letnich Igrzysk Olimpijskich 1912 - Statystyki

Ogólne statystyki
  • Ten quiz został rozwiązany 30 razy
  • Średni wynik to 7 z 10
Statystyki odpowiedzi
Medali Złoto Srebro Brąz Reprezentacja % Poprawnych
25 5 13 7 Cesarstwo Niemieckie
93%
64 26 19 19 Stany Zjednoczone
93%
41 10 15 16 Wielka Brytania
93%
14 7 4 3 Francja
86%
65 23 25 17 Szwecja
71%
10 3 2 5 Norwegia
68%
12 1 6 5 Dania
64%
26 9 8 9 Finlandia
54%
8 3 2 3 Kanada
54%
8 3 2 3 Węgry
46%
Nie znaleziono quizów pasujących do podanych kryteriów
Rozkład punktacji
Procent ludzi z każdym wynikiem
Percentyl według liczby udzielonych odpowiedzi
Twoja historia wyników
Nie rozwiązałeś tego quizu